| 000 | 00944nam a2200253Ia 4500 | ||
|---|---|---|---|
| 008 | 130821s1983 sp gr spa | ||
| 020 | _a8423958655 | ||
| 040 |
_aCo-BoUCM _bspa |
||
| 041 | _aspa | ||
| 100 | 1 |
_aMiddendorff, Wolf _9109322 |
|
| 245 | 1 | 0 |
_aTeoría y práctica de la prognosis criminal _cWolf Middendorff ; traducción castellana por José María Rodríguez Devesa. |
| 250 | _a2a ed. | ||
| 260 |
_aMadrid (España) _bEspasa-Calpe _c1983 |
||
| 300 | _a192 páginas | ||
| 490 | 0 |
_aEstudios de Psicología Criminal _v16 |
|
| 650 | 0 | 4 |
_aCriminología _912152 |
| 650 | 0 | 4 |
_aDerecho penal _912805 |
| 650 | 0 | 4 |
_aPsicología criminal _922805 |
| 650 | 0 | 4 |
_aPsicología _98001 |
| 700 | 1 |
_aRodríguez Devesa, José María _etrad. _9118185 |
|
| 765 | _aZur psychologie der einzeldelikte : XVI Die kriminologische prognose in theorie und praxis | ||
| 942 |
_cLIBRO _2DEWEY _a8 _e2 _h364.01 _mE77 |
||
| 999 |
_c19915 _d19915 |
||